Korean war memorials in pictures remembering un participation 60 years later (Registro nro. 73163)

Detalles MARC
000 -ENCABEZADO
Número de control [NR] 00986nam a2200229Ia 4500
008 - DE LONGITUD FIJA DE DATOS DE ELEMENTOS - INFORMACIÓN GENERAL
Elementos de longitud fija [NR] 130821s2010 ko aob gr eng
040 ## - FUENTE DE CATALOGACION [NR]
Agencia de catalogación original [NR] Co-BoUCM
Idioma de catalogación [NR] spa
041 00 - CODIGO DE IDIOMA [R]
Código de idioma para texto/pista de sonido o título separado [R] Inglés
245 00 - MENCION DE TITULO [NR]
Título [NR] Korean war memorials in pictures remembering un participation 60 years later
Mención de responsabilidad, etc. [NR] editor Munju Yeo ; producido por Inire ; supervisión de traducción en ingles Timothy Atkinson
260 ## - PUBLICACION, DISTRIBUCION, ETC. (PIE DE IMPRENTA) [R]
Lugar de publicación, distribución, etc. [R] Seúl (Corea del Sur)
Nombre del editor, distribuidor, etc. [R] Ministry of Patriots and Veterans Affairs, Republic of Korea
Fecha de publicación, distribución, etc. [R] 2010
300 ## - DESCRIPCION FISICA [R]
Extensión [R] 3 volúmenes
Otros detalles físicos [NR] ilustraciones, mapas, gráficas, fotografías
500 ## - NOTA GENERAL [R]
Nota general [NR] Incluye índice.
505 ## - NOTA DE CONTENIDO CON FORMATO PREESTABLECIDO [R]
Información miscelánea [R] V.1
State manifest and birth record (1764-1977). Korea. --
Información miscelánea [R] V.2
State manifest and birth record (1764-1977). Worldwide. --
Información miscelánea [R] V.3
State manifest and birth record (1764-1977). Worldwide
650 04 - ASIENTO SECUNDARIO DE MATERIA - TERMINO TEMATICO [R]
Término temático o nombre geográfico como elemento de entrada [NR] Guerra de Corea, 1950-1953
650 04 - ASIENTO SECUNDARIO DE MATERIA - TERMINO TEMATICO [R]
Término temático o nombre geográfico como elemento de entrada [NR] Historia de Asia
9 (RLIN) 26507
651 #4 - ASIENTO SECUNDARIO DE MATERIA - NOMBRE GEOGRAFICO [R]
Nombre geográfico [NR] Corea
Subdivisión general [R] Historia
9 (RLIN) 26610
700 1# - ASIENTO SECUNDARIO - NOMBRE PERSONAL [R]
Nombre personal [NR] Atkinson, Timothy
Término de relación [R]
700 1# - ASIENTO SECUNDARIO - NOMBRE PERSONAL [R]
Nombre personal [NR] Yeo, Munju
Término de relación [R]
710 2# - ASIENTO SECUNDARIO - NOMBRE CORPORATIVO [R]
Nombre corporativo o de jurisdicción como elemento de entrada [NR] Ministry of Patriots and Veterans Affairs
942 ## - ELEMENTOS DE ENTRADA AGREGADOS (KOHA)
Tipo de ítem principal el descrito en 300a Libro
Tema principal Historia
Edición 1
Parte restante de la signatura top. K842
Sistema de clasificación DEWEY
Clasificación 951.9042
Existencias
Fecha de último préstamo Total préstamos Total Renewals Signatura topográfica Código de barras Última vez visto Volúmen / Fascículo Ejemplar Price effective from Tipo de ítem Perdido Sistema de clasificación Dañado No prestable Tipo de ítem específico Suprimido Ubicación habitual Ubicación actual Localización Fecha de creación Forma de adquisición Costo
04/03/2020 2 4 951.9042 K842 100113632 10/12/2025 V.1 Ej.1 03/02/2013 Libro   DEWEY     Libro   Claustro Claustro 2do piso 28/02/2013 Donación 26000.00
10/06/2011     951.9042 K842 100113633 10/12/2025 V.2 Ej.1 03/02/2013 Libro   DEWEY     Libro   Claustro Claustro 2do piso 28/02/2013 Donación 26000.00
10/06/2011     951.9042 K842 100113634 10/12/2025 V.3 Ej.1 03/02/2013 Libro   DEWEY     Libro   Claustro Claustro 2do piso 28/02/2013 Donación 26000.00